Skytrax Top 25 Airlines - Statistics

General Stats
  • This quiz has been taken 30 times
    2 since last reset
  • The average score is 23 of 25
Answer Stats
Hint Answer % Correct
8 Air France
100%
24 Air New Zealand
100%
5 ANA All Nippon Airways
100%
23 Austrian Airlines
100%
3 Cathay Pacific Airways
100%
22 Delta Air Lines
100%
4 Emirates
100%
12 EVA Air
100%
25 Finnair
100%
10 Hainan Airlines
100%
9 Japan Airlines
100%
21 KLM Royal Dutch Airlines
100%
7 Korean Air
100%
15 Lufthansa
100%
14 Qantas Airways
100%
1 Qatar Airways
100%
17 Saudia
100%
2 Singapore Airlines
100%
11 Swiss International Air Lines
100%
6 Turkish Airlines
100%
16 Virgin Atlantic
100%
19 Air Canada
50%
13 British Airways
50%
20 Iberia
50%
18 STARLUX Airlines
0%
No matching quizzes found
Score Distribution
Percent of People with Each Score
Percentile by Number Answered
Your Score History
You have not taken this quiz since the last reset